Statystyki dla Warszawa - podział dzielnic

Kliknij tutaj aby rozwiązać quiz!

Ogólne statystyki

  • Ten quiz został rozwiązany 1 085 razy
    (1 083 od ostatniego zresetowania)
  • Średni wynik to 33 z 143

Statystyki odpowiedzi

HintOdpowiedź% Poprawnych
ŚródmieścieMuranów
61%
UrsynówKabaty
55%
BielanyMłociny
52%
Praga-PołudnieGrochów
51%
Praga-PołudnieGocław
49%
MokotówSłużew
47%
Praga-PołudnieSaska Kępa
46%
UrsynówNatolin
46%
BielanyWawrzyszew
44%
ŚródmieścieStare Miasto
43%
BiałołękaTarchomin
41%
TragówekBródno
40%
WłochyOkęcie
38%
BielanyStare Bielany
38%
MokotówSłużewiec
37%
ŚródmieściePowiśle
37%
UrsusNiedźwiadek
37%
Praga-PołudnieGocławek
35%
ŚródmieścieŚródmieście Południowe
34%
Praga-PółnocSzmulowizna
34%
MokotówSadyba
34%
Praga-PółnocStara Praga
34%
ŚródmieścieŚródmieście Północne
33%
WolaKoło
33%
OchotaSzczęśliwice
33%
MokotówWierzbno
32%
WłochyRaków
32%
BielanyChomiczówka
32%
BiałołękaŻerań
31%
ŚródmieścieNowe Miasto
31%
BielanySłodowiec
31%
OchotaStara Ochota
30%
TragówekTargówek Mieszkaniowy
30%
WawerAnin
30%
OchotaFiltry
29%
OchotaRakowiec
29%
Praga-PółnocNowa Praga
29%
MokotówStegny
28%
WawerLas
28%
WolaMirów
27%
TragówekZacisze
27%
MokotówStary Mokotów
27%
TragówekTargówek Fabryczny
27%
Praga-PołudnieKamionek
26%
ŚródmieścieSolec
26%
MokotówCzerniaków
26%
MokotówSiekierki
26%
BielanyWrzeciono
25%
WolaPowązki
25%
BemowoLotnisko
25%
BiałołękaNowodwory
25%
MokotówSielce
24%
BemowoBoernerowo
24%
ŻoliborzStary Żoliborz
24%
BemowoJelonki Północne
24%
BemowoJelonki Południowe
24%
WolaOdolany
24%
WolaMłynów
24%
ŻoliborzSady Żoliborskie
24%
Praga-PółnocPelcowizna
24%
WesołaStara Miłosna
24%
WilanówPowsin
23%
BemowoGórce
23%
WawerFalenica
23%
WolaCzyste
23%
WawerRadość
22%
WawerMiędzylesie
22%
WolaUlrychów
22%
BemowoFort Bema
22%
WłochyStare Włochy
21%
UrsusGołąbki
21%
WawerWawer
21%
UrsynówPyry
21%
ŚródmieścieUjazdów
21%
BielanyRadiowo
21%
MokotówKsawerów
21%
Praga-PołudnieOlszynka Grochowska
20%
WłochyNowe Włochy
20%
ŻoliborzMarymont-Potok
19%
WolaNowolipki
19%
UrsusSkorosze
19%
UrsynówUrsynów Północny
19%
BielanyHuta
19%
WawerMiedzeszyn
19%
BemowoBemowo Lotnisko
19%
WilanówWilanów Królewski
18%
MokotówWyględów
18%
RembertówStary Rembertów
18%
BielanyLas Bielański
18%
BiałołękaChoszczówka
17%
BemowoChrzanów
17%
WłochySalomea
17%
WilanówWilanów Niski
17%
BielanyPiaski
17%
TragówekBródno Podgrodzie
17%
UrsynówTeren Wydzielony Rezerwat "Las Kabacki"
17%
BielanyMarymont-Kaskada
16%
RembertówNowy Rembertów
16%
TragówekUtrata
16%
WłochyPaluch
16%
WilanówWilanów Wysoki
16%
MokotówAugustówka
16%
TragówekElsnerów
15%
RembertówKawęczyn-Wygoda
15%
UrsynówDąbrówka
15%
UrsynówUrsynów Centrum
15%
BielanyMarymont-Ruda
15%
UrsynówStary Imielin
15%
WawerMarysin Wawerski
14%
BemowoGroty
14%
BiałołękaBiałołęka Dworska
14%
UrsusCzechowice
14%
BielanyWólka Węglowa
14%
BiałołękaHenryków
14%
WilanówPowsinek
14%
UrsynówJeziorki Południowe
13%
UrsusSzamoty
13%
UrsynówJeziorki Północne
13%
BemowoFort Radiowo
13%
BiałołękaKobiałka
13%
UrsynówStary Służew
13%
WesołaWola Grzybowska
13%
WilanówZawady
12%
WilanówKępa Zawadowska
12%
WłochyZałuski
12%
BiałołękaGrodzisk
12%
WłochyOpacz Wielka
12%
WawerAleksandrów
12%
BielanyPlacówka
11%
UrsynówGrabów
11%
WesołaWesoła-Centrum
11%
WawerZerzeń
11%
WilanówBłonia Wilanowskie
11%
WawerSadul
10%
WesołaZielona-Grzybowa
10%
BiałołękaDąbrówka Szlachecka
10%
BiałołękaBrzeziny
10%
UrsynówSkarpa Powsińska
10%
WesołaPlac Wojska Polskiego
10%
UrsynówWyczółki
10%
BiałołękaSzamocin
9%
WesołaGroszówka
9%
WawerNadwiśle
9%

Rozkład punktacji

Percentyl według liczby udzielonych odpowiedzi

Procent ludzi z każdym wynikiem

Twoja historia wyników

Nie rozwiązałeś tego quizu od ostatniego zresetowania